00535cam a22002171 4500001001300000003000400013005001700017008004100034010001700075035002000092040001800112042001200130050001400142100002700156245002600183260001000209300004700219500001500266650001900281999001700300ne 65000297 DLC20260227111811.0890514q xx 000 0 hino  ane 65000297  a(OCoLC)23537669 aDLCcMiUdDLC apremarc00aBP53b.B71 aBrelvi, Mahmud,d1908-10aFaiẓān-i Islām. c.1956 a26, 130 p.bcol. maps (part fold.)c22 cm. aRomanized. 0aIslamxHistory c47908d47908